000 00632nam a22001937a 4500
999 _c22438
_d22438
003 OSt
005 20220704100129.0
008 180228s2017 pe 000 0 spa
020 _a978-612-47289-0-7
040 _cBiblioteca Municipal de Cusco
082 _a869.57/B833T
_bB833T
100 _aBriceño Ángeles, Cristhian Andrés
_d1984-
_948178
245 _aLa trama invisible /
_cCristhian Briceño
250 _aSegunda edición, primera impresión
260 _aLima :
_bParacaídas Editores,
_c2020.
300 _a111, [4] páginas. :
_c20 cm.
650 _aProsas poéticas peruanas
_xSiglo XXI
_948179
942 _2ddc
_cLIBROS